Crónica de un asesino de niños (Registro nro. 184470)
[ vista simple ]
| 000 -ENCABEZADO | |
|---|---|
| Número de control [NR] | 00969 a2200241 4500 |
| 005 - FECHA Y HORA DE LA ÚLTIMA TRANSACCIÓN | |
| control field | 20161115101112.0 |
| 008 - DE LONGITUD FIJA DE DATOS DE ELEMENTOS - INFORMACIÓN GENERAL | |
| Elementos de longitud fija [NR] | 140213s2008 ck a f 000 0dspa d |
| 020 ## - NUMERO INTERNACIONAL NORMALIZADO PARA LIBROS [R] | |
| Número Internacional Normalizado del libro [NR] | 9789588308425 |
| 040 ## - FUENTE DE CATALOGACION [NR] | |
| Agencia de catalogación original [NR] | CO-BoUCM |
| Idioma de catalogación [NR] | spa |
| Quien Cataloga | Jose A. Gerena |
| Quien Clasifica | [Nuevo] |
| 041 ## - CODIGO DE IDIOMA [R] | |
| Código de idioma para texto/pista de sonido o título separado [R] | Español |
| 100 1# - ASIENTO PRINCIPAL--NOMBRE PERSONAL [NR] | |
| Nombre personal [NR] | Valencia Laharenas, iván |
| ID Autoridad | 55931 |
| 245 10 - MENCION DE TITULO [NR] | |
| Título [NR] | Crónica de un asesino de niños |
| Parte restante del título [NR] | Manuel Octavio Bermúdez. El monstruo de los cañaduzales |
| Mención de responsabilidad, etc. [NR] | Iván Valencia Laharenas |
| 260 ## - PUBLICACION, DISTRIBUCION, ETC. (PIE DE IMPRENTA) [R] | |
| Nombre del editor, distribuidor, etc. [R] | Universidad Libre de Colombia |
| Lugar de publicación, distribución, etc. [R] | Cali (Colombia) |
| Fecha de publicación, distribución, etc. [R] | 2008 |
| 300 ## - DESCRIPCION FISICA [R] | |
| Extensión [R] | 146 páginas |
| Otros detalles físicos [NR] | ilustraciones |
| 490 ## - MENCION DE SERIE [R] | |
| Mención de serie [R] | Derecho y sociedad |
| -- | Serie derecho penal y criminología |
| 650 #4 - ASIENTO SECUNDARIO DE MATERIA - TERMINO TEMATICO [R] | |
| Término temático o nombre geográfico como elemento de entrada [NR] | Asesinos en serie |
| Subdivisión geográfica [R] | Colombia |
| 9 (RLIN) | 56138 |
| 650 #7 - ASIENTO SECUNDARIO DE MATERIA - TERMINO TEMATICO [R] | |
| 9 (RLIN) | 22805 |
| Término temático o nombre geográfico como elemento de entrada [NR] | Psicología criminal |
| Subdivisión geográfica [R] | Colombia |
| 650 #7 - ASIENTO SECUNDARIO DE MATERIA - TERMINO TEMATICO [R] | |
| 9 (RLIN) | 32251 |
| Término temático o nombre geográfico como elemento de entrada [NR] | Criminología |
| Subdivisión geográfica [R] | Colombia |
| 650 #7 - ASIENTO SECUNDARIO DE MATERIA - TERMINO TEMATICO [R] | |
| 9 (RLIN) | 51195 |
| Término temático o nombre geográfico como elemento de entrada [NR] | Violencia en niños |
| Subdivisión geográfica [R] | Colombia |
| 690 ## - ASUNTO AGREGADO LOCAL DE ENTRADA - TÉRMINO TEMÁTICO (OCLC, RLIN) | |
| 9 (RLIN) | 42778 |
| Acceso temático local | Derecho penal |
| 690 ## - ASUNTO AGREGADO LOCAL DE ENTRADA - TÉRMINO TEMÁTICO (OCLC, RLIN) | |
| 9 (RLIN) | 42900 |
| Acceso temático local | Problemas sociales |
| 942 ## - ELEMENTOS DE ENTRADA AGREGADOS (KOHA) | |
| Tema principal | Derecho |
| Tipo de ítem principal el descrito en 300a | Libro |
| Edición | 1 |
| Parte restante de la signatura top. | V152 |
| Sistema de clasificación | DEWEY |
| Clasificación | 364.15554 |
| Fecha de último préstamo | Total préstamos | Signatura topográfica | Código de barras | Última vez visto | Ejemplar | Costo de reposición | Price effective from | Tipo de ítem | Nota pública (OPAC) | Perdido | Sistema de clasificación | Dañado | No prestable | Tipo de ítem específico | Suprimido | Ubicación habitual | Ubicación actual | Localización | Fecha de creación | Proveedor | Forma de adquisición | Costo |
|---|---|---|---|---|---|---|---|---|---|---|---|---|---|---|---|---|---|---|---|---|---|---|
| 29/07/2025 | 1 | 364.15554 V152 | 100140166 | 04/12/2025 | Ej.1 | 20025.00 | 16/01/2014 | Libro | Spot Criminología e Investigación Criminal | DEWEY | Libro | Claustro | Claustro | 3er piso | 16/01/2014 | 14 | Compra | 20025.00 |